000 00346nam a2200121Ia 4500
008 190905s9999||||xx |||||||||||||| ||und||
020 _a978-93-528-6845-2
100 _aPradeep Sharma
245 0 _aGATE (Graduate Aptitude Test in Engeering) Electronics and Communication ENG
260 _aNew Delhi
_bPearson
_c2019
300 _a906
942 _cBK
999 _c5876
_d5876